000
00200 a2200097 4500
001
44040
100
_a
Iqbal
245
_a
Falsafai Ajam
260
_a
_b
Tasdeeq Hussain Taj
_c
090
_c
27782
_d
27782
942
_a
NUST-CAE
_c
M
_c
19760
999
_c
279113
_d
279113